Организация работы комиссии по чрезвычайным ситуациям объекта, района (города) (Запись № 129172)

Подробности
000 -МАРКЕР
контрольное поле 02181nam0a2200325 4500
001 - ИДЕНТИФИКАТОР ЗАПИСИ
контрольное поле RU\NLR\bibl\27281
005 - ИДЕНТИФИКАТОР ВЕРСИИ
контрольное поле 20250615021231.0
010 ## - МЕЖДУНАРОДНЫЙ СТАНДАРТНЫЙ НОМЕР КНИГИ (ISBN)
Номер (ISBN) 5-89630-034-4
Тираж 6000
021 ## - НОМЕР ГОСУДАРСТВЕННОЙ РЕГИСТРАЦИИ
Код страны Российская Федерация
Номер 99-13271
Номер Листа государственной регистраци 639
035 ## - ДРУГИЕ СИСТЕМНЫЕ НОМЕРА
Идентификатор записи (NLR Aleph) 000026588
100 ## - ДАННЫЕ ОБЩЕЙ ОБРАБОТКИ
Данные общей обработки 19990514d1999 |||y0rusy50 ca
101 0# - ЯЗЫК РЕСУРСА
Язык текста, звукозаписи и т.д. русский
102 ## - СТРАНА ПУБЛИКАЦИИ ИЛИ ПРОИЗВОДСТВА
Страна публикации Российская Федерация
105 ## - ПОЛЕ КОДИРОВАННЫХ ДАННЫХ: ТЕКСТОВЫЕ МАТЕРИАЛЫ, МОНОГРАФИЧЕСКИЕ
Кодированные данные о монографическом текстовом документе |||||||||||||
200 1# - ЗАГЛАВИЕ И СВЕДЕНИЯ ОБ ОТВЕТСТВЕННОСТИ
Основное заглавие Организация работы комиссии по чрезвычайным ситуациям объекта, района (города)
Сведения, относящиеся к заглавию Учеб. пособие для подготовки руководителей и членов комис. по чрезвычайным ситуациям (КЧС), руководящего и командно-начальствующего состава районов (городов), объектов промышленности, организаций, учреждений, учеб. заведений, преподавателей БЖ, учеб.-метод. центров и курсов ГО, работников органов упр. по делам ГО и ЧС всех уровней
Первые сведения об ответственности [П.В. Алаторцев, В.М. Нагорный, Г.М.Федоров и др.]
210 ## - ПУБЛИКАЦИЯ, РАСПРОСТРАНЕНИЕ И ДР.
Место издания, распространения и т.д. М.
Имя издателя, распространителя и т. д. ТОО "Ред. журн."Военные знания"
Дата издания, распространения и т.д. 1999
215 ## - ФИЗИЧЕСКАЯ ХАРАКТЕРИСТИКА
Специфическое обозначение материала и объем 77 с.
Размеры 20
225 1# - СЕРИЯ
Основное заглавие серии Библиотечка журнала"Военные знания"
606 0# - НАИМЕНОВАНИЕ ТЕМЫ КАК ПРЕДМЕТ
Наименование темы Комиссии по чрезвычайным ситуациям
Формальный подзаголовок Руководства, пособия и т.п.
Тематический подзаголовок Организация работы
Географический подзаголовок Российская Федерация
Системный номер авторитетной/нормативной записи 2083666
Идентификатор авторитетной/нормативной записи RU\NLR\auth\661259732
606 0# - НАИМЕНОВАНИЕ ТЕМЫ КАК ПРЕДМЕТ
Наименование темы Комиссии по чрезвычайным ситуациям
Формальный подзаголовок Учебные издания
Тематический подзаголовок Организация работы
Географический подзаголовок Российская Федерация
Системный номер авторитетной/нормативной записи 2083666
Идентификатор авторитетной/нормативной записи RU\NLR\auth\661259732
686 ## - ИНДЕКСЫ ДРУГИХ КЛАССИФИКАЦИЙ
Индекс Ц69,6(2Р)0-2я7-1
701 #1 - ИМЯ ЛИЦА - АЛЬТЕРНАТИВНАЯ ОТВЕТСТВЕННОСТЬ
Начальный элемент ввода Алаторцев
Часть имени, кроме начального элемента ввода П. В.
Код отношения Автор
701 #1 - ИМЯ ЛИЦА - АЛЬТЕРНАТИВНАЯ ОТВЕТСТВЕННОСТЬ
Начальный элемент ввода Нагорный
Часть имени, кроме начального элемента ввода В. М.
Код отношения Автор
701 #1 - ИМЯ ЛИЦА - АЛЬТЕРНАТИВНАЯ ОТВЕТСТВЕННОСТЬ
Начальный элемент ввода Федоров
Часть имени, кроме начального элемента ввода Г. М.
Код отношения Автор
801 #0 - ИСТОЧНИК ЗАПИСИ
Страна Российская Федерация
Организация NLR
Дата составления 19990514
Правила каталогизации PSBO
801 #1 - ИСТОЧНИК ЗАПИСИ
Страна Российская Федерация
Организация NLR
Дата составления 19990514
852 ## - МЕСТОНАХОЖДЕНИЕ И ШИФР ХРАНЕНИЯ
Идентификатор организации NLR
Шифр хранения (Call Number) 99-4/1812
942 ## - ДОПОЛНИТЕЛЬНЫЕ ЭЛЕМЕНТЫ ЗАПИСИ (АБИС)
Тип экземпляра АБИС Книга
980 ## - КОЛЛЕКЦИЯ
Название коллекции Национальная библиография
Экземпляры
Тип экземпляра Дата поступления Библиотека постоянного хранения Библиотека текущего хранения Место хранения Шифр хранения Штрих-код Статус экземпляра
Книга 26.10.2013 РНБ (Московский) РНБ (Московский) Русский книжный фонд: издания с 1957 года 99-4/1812 1-2595386